[Event "Hochsauerland-ch U14"]
[Site "Winterberg"]
[Date "2002.01.04"]
[Round "4"]
[White "Dallmann, Niels"]
[Black "Bussmann, Kevin"]
[Result "1-0"]
[WhiteElo "1245"]
[BlackElo "1222"]
[PlyCount "63"]
[EventDate "2002.01.02"]
[EventType "swiss"]
[EventRounds "5"]
[EventCountry "GER"]
[SourceTitle "EXT 2005"]
[Source "ChessBase"]
[SourceDate "2004.11.15"]
[SourceVersion "1"]
[SourceVersionDate "2004.11.15"]
[SourceQuality "1"]

1. e4 e5 2. Nf3 Nf6 3. d3 h6 4. Nc3 Nc6 5. Be2 Bc5 6. 0-0 0-0 7. Nd5 d6 8. Be3 Bxe3 9. Nxe3 Nd4 10. c3 Nxe2+ 11. Qxe2 Ng4 12. Nxg4 Bxg4 13. h3 Bc8 14. d4 exd4 15. Nxd4 Qf6 16. Nb5 Qg6 17. Qf3 a6 18. Nxc7 Ra7 19. Nd5 Be6 20. Ne7+ Kh8 21. Nxg6+ Kg8 22. Nxf8 Kxf8 23. Rfd1 Ke7 24. e5 dxe5 25. Qd3 Kf6 26. Qd8+ Kg6 27. Qe7 a5 28. g4 f5 29. Qxe6+ Kh7 30. Qxf5+ g6 31. Rd7+ Kg8 32. Qxg6+ 1-0

[Event "Hochsauerland-ch U14"]
[Site "Winterberg"]
[Date "2002.01.02"]
[Round "1"]
[White "Bauermeister, Jonathan"]
[Black "Dallmann, Niels"]
[Result "0-1"]
[WhiteElo "1105"]
[BlackElo "1245"]
[PlyCount "86"]
[EventDate "2002.01.02"]
[EventType "swiss"]
[EventRounds "5"]
[EventCountry "GER"]
[SourceTitle "EXT 2005"]
[Source "ChessBase"]
[SourceDate "2004.11.15"]
[SourceVersion "1"]
[SourceVersionDate "2004.11.15"]
[SourceQuality "1"]

1. e4 c5 2. Bc4 d6 3. Nf3 Bg4 4. 0-0 g6 5. d3 Bg7 6. Qe1 Bxf3 7. Bd2 Bxb2 8. Ba5 b6 9. Bc3 Bxa1 10. Bxa1 Nf6 11. Nd2 Bg4 12. d4 cxd4 13. Bxd4 e5 14. Bb5+ Bd7 15. Bxd7+ Qxd7 16. Bc3 d5 17. Bxe5 Qe7 18. Bd4 0-0 19. c4 dxe4 20. Bxf6 Qxf6 21. Nxe4 Qe5 22. Qe3 f5 23. f4 Qxe4 24. Re1 Re8 25. Kf2 Qxe3+ 26. Rxe3 Rxe3 27. Kxe3 Nc6 28. h3 Re8+ 29. Kd3 Nb4+ 30. Kc3 Nxa2+ 31. Kd4 Re4+ 32. Kd5 Rxf4 33. g3 Rf3 34. c5 bxc5 35. Kxc5 Rxg3 36. Kc6 f4 37. Kb7 f3 38. Kxa7 f2 39. h4 f1Q 40. h5 gxh5 41. Kb6 Rc3 42. Kb7 Qb5+ 43. Ka8 Ra3# 0-1